Latvijas 50 lielākas pilsētas - Statistics

General Stats
  • This quiz has been taken 29 times
    13 since last reset
  • The average score is 31 of 50
Answer Stats
***** Answer % Correct
4. Jelgava
100%
2. Daugavpils
92%
3. Liepāja
92%
1. Rīga
92%
6. Ventspils
92%
24. Dobele
85%
11. Jēkabpils
85%
5. Jūrmala
85%
8. Ogre
85%
7. Rēzekne
85%
16. Sigulda
85%
9. Valmiera
85%
22. Bauska
77%
12. Mārupe
77%
20. Saldus
77%
21. Talsi
77%
33. Ādaži
69%
31. Aizkraukle
69%
35. Alūksne
69%
15. Cēsis
69%
28. Gulbene
69%
10. Madona
69%
14. Tukums
69%
47. Kandava
62%
38. Ķekava
62%
27. Krāslava
62%
18. Kuldīga
62%
32. Limbaži
62%
29. Līvāni
62%
26. Ludza
62%
17. Olaine
62%
13. Salaspils
62%
39. Smiltene
62%
44. Valka
62%
23. Iecava
54%
36. Preiļi
54%
50. Saulkrasti
54%
46. Baldone
46%
37. Balvi
46%
45. Grobiņa
38%
30. Ikšķile
38%
49. Roja
38%
19. Babīte
31%
43. Carnikava
31%
40. Koknese
31%
42. Aizpute
23%
34. Baloži
23%
25. Vecumnieki
23%
48. Piņķi
8%
41. Krimulda
0%
No matching quizzes found
Score Distribution
Percent of People with Each Score
Percentile by Number Answered
Your Score History
You have not taken this quiz since the last reset